|
|
|
|
| LEADER |
02065nam a2200601 4500 |
| 001 |
ocn813568138 |
| 003 |
OCoLC |
| 005 |
20170124070633.8 |
| 006 |
m o d |
| 007 |
cr ||||||||||| |
| 008 |
121018s2013 enk ob 001 0 eng |
| 010 |
|
|
|a 2012042683
|
| 040 |
|
|
|a DLC
|b eng
|e rda
|e pn
|c DLC
|d YDX
|d EBLCP
|d N$T
|d DG1
|d YDXCP
|d CDX
|d UBY
|d DEBBG
|d RIV
|d OCLCF
|d DEBSZ
|d OCLCQ
|d GrThAP
|
| 020 |
|
|
|a 9781118403228
|q (ePub)
|
| 020 |
|
|
|a 1118403223
|q (ePub)
|
| 020 |
|
|
|a 9781118403242
|q (Adobe PDF)
|
| 020 |
|
|
|a 111840324X
|q (Adobe PDF)
|
| 020 |
|
|
|a 9781118403259
|q (electronic bk.)
|
| 020 |
|
|
|a 1118403258
|q (electronic bk.)
|
| 020 |
|
|
|z 9781119944539
|q (cloth)
|
| 029 |
1 |
|
|a AU@
|b 000050718594
|
| 029 |
1 |
|
|a CHBIS
|b 010441742
|
| 029 |
1 |
|
|a CHVBK
|b 334084970
|
| 029 |
1 |
|
|a DEBSZ
|b 431334293
|
| 029 |
1 |
|
|a DKDLA
|b 820120-katalog:000655376
|
| 029 |
1 |
|
|a NZ1
|b 15351091
|
| 035 |
|
|
|a (OCoLC)813568138
|
| 042 |
|
|
|a pcc
|
| 050 |
0 |
0 |
|a TJ1075
|
| 072 |
|
7 |
|a TEC
|x 068000
|2 bisacsh
|
| 082 |
0 |
0 |
|a 621.8/9
|2 23
|
| 049 |
|
|
|a MAIN
|
| 100 |
1 |
|
|a Bhushan, Bharat,
|d 1949-
|
| 245 |
1 |
0 |
|a Introduction to tribology /
|c Bharat Bhushan.
|
| 250 |
|
|
|a Second edition.
|
| 264 |
|
1 |
|a Chicheste, West Sussex, United Kingdom :
|b Wiley,
|c 2013.
|
| 300 |
|
|
|a 1 online resource.
|
| 336 |
|
|
|a text
|b txt
|2 rdacontent
|
| 337 |
|
|
|a computer
|b c
|2 rdamedia
|
| 338 |
|
|
|a online resource
|b cr
|2 rdacarrier
|
| 490 |
1 |
|
|a Tribology series
|
| 504 |
|
|
|a Includes bibliographical references and index.
|
| 588 |
0 |
|
|a Print version record and CIP data provided by publisher.
|
| 650 |
|
0 |
|a Tribology.
|
| 650 |
0 |
4 |
|a Tribologia.
|
| 650 |
|
7 |
|a TECHNOLOGY & ENGINEERING
|x Tribology.
|2 bisacsh
|
| 650 |
|
7 |
|a Tribology.
|2 fast
|0 (OCoLC)fst01156503
|
| 655 |
|
4 |
|a Llibres electrònics.
|
| 655 |
|
4 |
|a Electronic books.
|
| 776 |
0 |
8 |
|i Print version:
|a Bhushan, Bharat, 1949-
|t Introduction to tribology.
|b Second edition.
|z 9781119944539
|w (DLC) 2012031551
|
| 830 |
|
0 |
|a Tribology series.
|
| 856 |
4 |
0 |
|u https://doi.org/10.1002/9781118403259
|z Full Text via HEAL-Link
|
| 994 |
|
|
|a 92
|b DG1
|